<?xml version="1.0" encoding="UTF-8"?>
<resp>
  <nextPage>https://data.bn.org.pl/api/networks/bibs.marcxml?marc=001+b00001150002338&amp;sinceId=1150002339</nextPage>
  <collection>
    <record xmlns='http://www.loc.gov/MARC21/slim'><leader>01118namZa2200325ZiZ4500</leader><controlfield tag='001'>b00001150002338</controlfield><controlfield tag='005'>20241203220541.7</controlfield><controlfield tag='008'>230609s        pl           |000 0 pol c</controlfield><controlfield tag='009'>9913261325705606</controlfield><datafield ind1=' ' ind2=' ' tag='035'><subfield code='a'>KR_1KR_1_20120317225118001516-48omnis_kr</subfield></datafield><datafield ind1=' ' ind2=' ' tag='035'><subfield code='a'>KR_1_20120317225118001516</subfield><subfield code='9'>ExL</subfield></datafield><datafield ind1=' ' ind2=' ' tag='035'><subfield code='a'>(PL)b00001150002338</subfield></datafield><datafield ind1=' ' ind2=' ' tag='040'><subfield code='a'>KR_1</subfield><subfield code='c'>KR_1</subfield></datafield><datafield ind1='0' ind2=' ' tag='041'><subfield code='a'>pol</subfield></datafield><datafield ind1='1' ind2=' ' tag='100'><subfield code='a'>Michałowski, Kazimierz</subfield></datafield><datafield ind1='1' ind2='0' tag='245'><subfield code='a'>Piramidy i mastaby /</subfield><subfield code='c'>tekst Kazimierz Michałowski ; zdj. Andrzej Dziewanowski.</subfield></datafield><datafield ind1=' ' ind2=' ' tag='260'><subfield code='a'>W-wa :</subfield><subfield code='b'>&quot;Arkady&quot;,</subfield><subfield code='c'>1972.</subfield></datafield><datafield ind1=' ' ind2=' ' tag='300'><subfield code='a'>29 s., [44] k. tabl. :</subfield><subfield code='b'>fot., rys. ;</subfield><subfield code='c'>29 cm</subfield></datafield><datafield ind1='1' ind2=' ' tag='490'><subfield code='a'>Sztuka i Kultura Świata Starożytnego / pod red. Kazimierza Michałowskiego.</subfield></datafield><datafield ind1=' ' ind2=' ' tag='500'><subfield code='a'>n</subfield></datafield><datafield ind1=' ' ind2=' ' tag='504'><subfield code='a'>Bibliogr. s. 26-27.</subfield></datafield><datafield ind1=' ' ind2='9' tag='650'><subfield code='a'>Piramidy</subfield><subfield code='z'>Egipt</subfield><subfield code='x'>ikonografia</subfield><subfield code='v'>album</subfield></datafield><datafield ind1=' ' ind2='9' tag='651'><subfield code='a'>Egipt</subfield><subfield code='x'>ikonografia</subfield><subfield code='v'>album</subfield></datafield><datafield ind1='1' ind2=' ' tag='700'><subfield code='a'>Dziewanowski, Andrzej</subfield><subfield code='e'>Fot.</subfield></datafield><datafield ind1=' ' ind2=' ' tag='852'><subfield code='b'>48OMNIS_NETWORK</subfield><subfield code='8'>9913261325705606</subfield></datafield><datafield ind1=' ' ind2=' ' tag='852'><subfield code='b'>48OMNIS_KR</subfield><subfield code='8'>991000023379708216</subfield></datafield></record>
  </collection>
</resp>
